000
00227nam a2200097Ia 4500
008
230915s9999 xx 000 0 und d
050
_a
SB176 .E27 A25 1971
100
_a
ACLAND J D
245
0
_a
EAST AFRICAN CROPS
942
_c
BK
999
_c
201712
_d
201712